000 01338nam0a2200325 4500
001 RU\NLR\BIBL_A\022367499
005 20250627121736.0
010 _a978-5-9073552-5-5
035 _a(NLR Aleph) 022367499
090 _a13327936
_c13327936
100 _a20241030d2022 |||y0rusy50 ca
101 0 _arus
102 _aRU
105 _aach z 000zy
181 0 _ai3
_baxxe
181 0 _ab1
_bxb2e
182 0 _an
200 1 _aБайрон из Крыма
_e[из студенческой жизни эпохи развитого социализма в 1979 году]
_fВалерий Шпакович
203 _aТекст
_aИзображение
_bвизуальные
_cнепосредственные
210 _aМосква
_cРуДа
_d2022
215 _a525 с.
_cил., портр., факс.
_d22
300 _aНа 521-й с. авт.: Шпаковский В., канд. экон. наук, заслуж. ветеран концерна "Росэнергоатом"
333 _a18+
606 1 _aСтуденчество
_yСССР
_91314940
_3RU\NLR\AUTH\66229475
686 1 _aЧ481.43
700 1 _aШпаковский
_bВ. Н.
_f1954-
_gВалерий Николаевич
942 _cBOOK
980 _aNB